El cruce legal y cotidiano de la frontera: México-Estados Unidos /
Збережено в:
| Автор: | |
|---|---|
| Формат: | Текст |
| Теги: |
Додати тег
Немає тегів, Будьте першим, хто поставить тег для цього запису!
|
MARC
| LEADER | 00000 a a2200000 04500 | ||
|---|---|---|---|
| 001 | 47703 | ||
| 003 | |||
| 040 | |||
| 100 | |a Padilla, Hector | ||
| 245 | |a El cruce legal y cotidiano de la frontera: |b México-Estados Unidos / |c Hector Padilla | ||
| 773 | |g volumen8, número15, (2007), páginas 113-130 | ||
| 999 | |c 37036 |d 37036 | ||
